000 00442pab a2200157 454500
008 180718b2013 xxu||||| |||| 00| 0 eng d
100 _aSuchet Kumar
245 _aObservatory homes for Juvenile Delinquents: Institutions of behavioural correction or exploitation?
260 _c2013
300 _ap.190-206.
362 _aOct-Dec
650 _aJuvenile delinquents
773 _aIndian Police Journal
908 _aN
909 _a104252
999 _c104248
_d104248